| 000 | 01040cad a22002175a 4500 | ||
|---|---|---|---|
| 001 | L154880 | ||
| 008 | 110713s2012 xxkd f s 000 0 eng d | ||
| 035 | _a(Sirsi) u154880 | ||
| 041 | 0 | _aeng | |
| 050 | 0 | 4 | _a332.6324 $2 18 |
| 110 | 2 |
_aAssociation of Residential Letting Agents _93020 |
|
| 245 | 0 | 4 |
_aThe ARLA review and index for residential investment, in association with the ARLA group of buy to let mortgage lenders _bfourth quarter 2011 _h[electronic resource] |
| 260 |
_aWarwick _bARLA _c2012 |
||
| 520 | _aResidential yields, rents, void periods, types of rental property and regional differences. An easing in the demand for rental property and a rise in the numbers of tenants struggling to meet their monthly rent payments signals that the rental market may be softening | ||
| 521 | 2 | _aAdvanced | |
| 590 | _aKA | ||
| 651 | 4 |
_aUnited Kingdom _y |
|
| 690 |
_aResidential property _96266 |
||
| 856 | 4 | 0 |
_uhttps://www.arla.co.uk/buy-to-let/buy-to-let-review/2011/q4/ _zView the item free of charge at www.arla.co.uk |
| 942 | _n0 | ||
| 999 |
_c113215 _d113215 |
||